000 00457nab a2200145Ia 4500
003 ES-SlBCS
005 20230926085538.0
008 140529s1985 xxu||||| |||| 00| 0 spa d
041 _aspa
100 1 _aCappelletti, Ángel J.
_d(1927-1995)
_994261
245 0 0 _aFermín Toro, crítico de la filosofía sensualista
_c Ángel J. Cappelletti
600 1 4 _aToro, Fermín
_9220503
773 0 _tAnthropos
_gvol. 6, nº. 10, 1985, págs. 3-16
_wRev38
942 _cAR
999 _c615381
_d615381